| 000 | 00442nam a22001457a 4500 | ||
|---|---|---|---|
| 082 |
_aH1 _bDIN/K |
||
| 100 |
_aDinesh Chandra Dwivedi _946686 |
||
| 245 |
_aKaaljayee/ _cby Dinesh Chandra Dwivedi |
||
| 260 |
_aKanpur: _bSahitya Ratnakar, _c1991. |
||
| 300 | _a112p. | ||
| 650 |
_aPoetry Hindi _946687 |
||
| 650 |
_aLiterature Hindi _946688 |
||
| 650 |
_aLiterature _946689 |
||
| 942 | _cBK | ||
| 999 |
_c71618 _d71618 |
||